[Event "45th Rilton Cup 2015-16"]
[Site "Stockholm SWE"]
[Date "2016.01.05"]
[Round "9.42"]
[White "Kassani, Sam"]
[Black "Risting, Eivind Olav"]
[Result "1/2-1/2"]
[BlackTitle "FM"]
[WhiteElo "2126"]
[BlackElo "1985"]
[WhiteFideId "1709089"]
[BlackFideId "1517333"]
[EventDate "2015.12.27"]

1. d4 d5 2. Nf3 e6 3. c4 Nf6 4. Nc3 Bb4 5. Bg5 h6 6. Bxf6 Qxf6 7. Qb3 Bxc3+ 8.
Qxc3 O-O 9. e3 dxc4 10. Bxc4 c5 11. Rc1 cxd4 12. Qxd4 Qxd4 13. Nxd4 Bd7 14. Ke2
Nc6 15. Rhd1 Rfd8 16. f3 Nxd4+ 17. Rxd4 Bc6 18. Rcd1 Rxd4 19. Rxd4 Kf8 20. b4 a6
21. Bb3 Ke7 22. Rg4 Kf6 23. Rf4+ Ke7 24. Rg4 Kf6 25. Rf4+ Ke7 26. Rg4 Kf6 1/2-1/2

[Event "45th Rilton Cup 2015-16"]
[Site "Stockholm SWE"]
[Date "2016.01.05"]
[Round "9.43"]
[White "Adler, Bo"]
[Black "Thompson, Ian D"]
[Result "0-1"]
[BlackTitle "FM"]
[WhiteElo "2174"]
[BlackElo "2187"]
[WhiteFideId "1702149"]
[BlackFideId "405205"]
[EventDate "2015.12.27"]

1. d4 d5 2. c4 c6 3. Nc3 Nf6 4. Nf3 e6 5. Bg5 h6 6. Bxf6 Qxf6 7. e3 Nd7 8. Rc1
g6 9. Be2 dxc4 10. Bxc4 Bg7 11. O-O Qe7 12. Qe2 O-O 13. Rfd1 Kh7 14. e4 e5 15.
d5 f5 16. dxc6 bxc6 17. Ba6 Nb6 18. Bxc8 Raxc8 19. a4 Qb4 20. exf5 gxf5 21. a5
Qxa5 22. Ra1 Qc5 23. Rxa7 Kg8 24. Nh4 Nd5 25. Rxg7+ Kxg7 26. Qxe5+ Kh7 27. Nxf5
Rf7 28. Qe6 Qf8 29. Nd6 Nxc3 30. bxc3 Rd8 31. c4 Re7 0-1

[Event "45th Rilton Cup 2015-16"]
[Site "Stockholm SWE"]
[Date "2016.01.05"]
[Round "9.44"]
[White "Nilsson, Joakim 2000"]
[Black "Ask, Josef"]
[Result "1/2-1/2"]
[WhiteElo "2091"]
[BlackElo "2180"]
[WhiteFideId "1723383"]
[BlackFideId "1704583"]
[EventDate "2015.12.27"]

1. b3 e5 2. Bb2 d6 3. e3 f5 4. c4 Nf6 5. d4 e4 6. Ne2 Be7 7. Ng3 h5 8. Be2 g6 9.
O-O h4 10. Nh1 d5 11. cxd5 Nxd5 12. Nc3 c6 13. Nxd5 cxd5 14. f3 exf3 15. Bxf3
O-O 16. Nf2 Bg5 17. Re1 Re8 18. Qd3 Nc6 19. Nh3 Bh6 20. Nf4 g5 21. Bxd5+ Kh7 22.
Bxc6 bxc6 23. Ne2 Qd6 24. Nc3 Bg7 25. Rad1 Rd8 26. Na4 Be5 27. h3 Bg3 28. Re2
Qg6 29. Rc1 a5 30. Nc5 Ra7 31. Qc3 Rd5 32. Nd3 Ba6 33. Rd2 Bxd3 34. Qxd3 Bb8 35.
Ba3 a4 36. bxa4 g4 37. hxg4 Qxg4 38. Rxc6 Qg3 39. Qe2 Qh2+ 40. Kf2 Bg3+ 41. Kf3
Rg7 42. Qa6 Bf4 43. exf4 Rg3+ 44. Ke2 Rxg2+ 45. Kd1 Qg1+ 46. Kc2 Rxd2+ 47. Kxd2
Rxd4+ 48. Kc2 Qd1+ 49. Kc3 Qd2+ 50. Kb3 Rd3+ 51. Kc4 Rc3+ 52. Kb5 Qd3+ 53. Ka5
Qd5+ 54. Qb5 Qxc6 55. Qxf5+ Qg6 56. Qd7+ Qg7 57. Qf5+ Kg8 58. Qd5+ Kh7 59. Qh5+
Qh6 60. Qf7+ Qg7 61. Qh5+ 1/2-1/2

[Event "45th Rilton Cup 2015-16"]
[Site "Stockholm SWE"]
[Date "2016.01.05"]
[Round "9.45"]
[White "Darnell, Anton"]
[Black "Berglind, Axel"]
[Result "1-0"]
[WhiteElo "1979"]
[BlackElo "2023"]
[WhiteFideId "1720244"]
[BlackFideId "1720228"]
[EventDate "2015.12.27"]

1. d4 b5 2. e4 Bb7 3. Bd3 Nf6 4. Qe2 c5 5. c3 cxd4 6. cxd4 e6 7. Nf3 a6 8. O-O
Nc6 9. e5 Nd5 10. Nc3 Ncb4 11. Be4 Nxc3 12. bxc3 Nd5 13. Bd2 Rc8 14. Rfc1 Rc7
15. c4 Rxc4 16. Rxc4 bxc4 17. Qxc4 Qa8 18. Qb3 Bc6 19. Rb1 f6 20. exf6 gxf6 21.
Qb8+ Kf7 22. Qxa8 Bxa8 23. Rb8 Bg7 24. Rxh8 Bxh8 25. Bd3 Bb7 26. Kf1 f5 27. Ne5+
Ke7 28. Bg5+ Nf6 29. g4 d6 30. gxf5 h6 31. Ng6+ Ke8 32. Bxh6 Ng4 33. Nxh8 Nxh6
34. fxe6 Bd5 35. Nf7 Nxf7 36. exf7+ Kxf7 37. Bxa6 Bxa2 38. Ke2 Kf6 39. Kf3 Ke6
40. Bb7 Kf5 41. h4 Bf7 42. Be4+ Kf6 43. Kf4 Bh5 44. Bf3 Be8 45. Bd5 Bh5 46. Be4
Bf7 47. Ke3 Bh5 48. f4 Bf7 49. f5 Be8 50. Kf4 Bh5 51. Bf3 Bf7 52. h5 Bg8 53. h6
Bf7 54. Bc6 Bh5 55. Bd7 Bf7 56. Be6 Be8 57. h7 Kg7 58. Bg8 Kh8 59. f6 d5 60. f7 1-0